Management of flood disasters in the Jianghan plain, China (Record no. 52267)

000 -LEADER
fixed length control field 00391pab a2200145 454500
008 - FIXED-LENGTH DATA ELEMENTS--GENERAL INFORMATION
fixed length control field 180718b2001 xxu||||| |||| 00| 0 eng d
100 ## - MAIN ENTRY--PERSONAL NAME
Personal name Cai, Shuming et al
245 ## - TITLE STATEMENT
Title Management of flood disasters in the Jianghan plain, China
260 ## - PUBLICATION, DISTRIBUTION, ETC.
Date of publication, distribution, etc. 2001
300 ## - PHYSICAL DESCRIPTION
Extent p.339-48.
650 ## - SUBJECT ADDED ENTRY--TOPICAL TERM
Topical term or geographic name entry element Floods - China
650 ## - SUBJECT ADDED ENTRY--TOPICAL TERM
Topical term or geographic name entry element Floods
773 ## - HOST ITEM ENTRY
Main entry heading Disaster Prevention and Management
909 ## -
-- 52267
Holdings
Withdrawn status Lost status Damaged status Not for loan Permanent Location Current Location Date acquired Serial Enumeration / chronology Barcode Date last seen Price effective from Koha item type
        Indian Institute of Public Administration Indian Institute of Public Administration 2018-07-19 Volume no: 10, Issue no: 5 AR52697 2018-07-19 2018-07-19 Articles

Powered by Koha